000 00932cam a2200313 a 4500
001 112634
005 20230410132638.0
008 840308s2005 sp 000 0aspa
035 _a1423427
010 _a 84004654
020 _a8466621261
020 _a9788466621267
035 _9(DLC) 84004654
040 _aDLC
_cDLC
_dDLC
050 1 4 _aPS 3552
_bB118p 2005
082 0 0 _a813.54
100 1 _aBach, Richard,
_d1929-
245 1 3 _aEl puente hacia el infinito /
_cRichard Bach ; traducción Edith Zilli.
260 _a[Barcelona] :
_bEdiciones B,
_c2005.
300 _a409 p. ;
_c18 cm
440 _aByblos., New age ;
_1522/2.
500 _aTítulo original: The bridge across forever.
600 1 0 _aBach, Richard.
650 0 _aAuthors, American
_y20th century
_xBiography.
650 4 _aNovela estadounidense.
650 4 _aLiteratura estadounidense.
700 1 _aZilli, Edith,
_etr.
942 _2lcc
_cbk
999 _c85251
_d85251